Quizzes
Events
Quiz Creation
Community
Videos
Private Events
Remove Ads
Sign In
Join for FREE
Feedback
Dark Mode
Quiz Categories
Sports
Geography
Music
Movies
Television
Just For Fun
Miscellaneous
History
Literature
Language
Science
Gaming
Entertainment
Religion
Holiday
For Kids
Quiz Lab
Recent
Popular Today
Quiz Kudos Today
Editor Picks
Curator Picks
Quizzes by...
Day
Popularity
Type
Ratings
Length
Year
Community
Subscriptions
Recent Discussions
Orange Saloon
Badges
Playlists
Quests
Create
Leaderboards
Showdown
Live 5
Trivia Bingo
Activity
Puzzle Library
Sporcle Events
Private Events
Virtual Trivia
Globe League
Become a Host
Pub Owners
SporcleCon
Opinionation
Our Games
Videos
Blog
Mobile Apps
Partnerships
Remove Ads and Go Orange
Feedback
Gaming
Video Games
Board Games
Card Games
Pokémon
Mario
Nintendo
Minecraft
Console
Toys
Legend of Zelda
Gaming
Video Games
Board Games
Card Games
Pokémon
Mario
Nintendo
Minecraft
Console
Toys
Legend of Zelda
Random Quiz
Search Sporcle
×
Quiz Lab
Quiz Lab
Gaming
Dynasty Warriors
Type in answers that appear in a list
Type in answers that appear in a list
Classic
Best Score? Go Orange.
DW8: Bao Sanniang Stats
Can you type the encyclopedia entry for Bao Sanniang in Dynasty Warriors 8
By
xoxhinataxox
10m
84 Questions
9 Plays
9 Plays
9 Plays
Comments
Comments
Give Quiz Kudos
Give Quiz Kudos
-
- Ratings
hide this ad
Replay
Link that replays current quiz
Next Quiz
Link to next quiz in quiz playlist
You Got
0%
They Got
Avg Score
24%
Avg Friend Score
Upgrade to see
Score Distribution
Jump to the score distribution portion of the page
Score
0/84
Timer
10:00
0
Plays Today
Answer
% Correct
and
77.8%
the
77.8%
and
77.8%
the
77.8%
and
77.8%
the
77.8%
Bao
55.6%
Bao
55.6%
of
44.4%
of
44.4%
of
44.4%
Guan
44.4%
of
44.4%
Guan
44.4%
Guan
44.4%
of
44.4%
Daughter
33.3%
daughter
33.3%
to
33.3%
to
33.3%
Suo,
33.3%
son
33.3%
Yu,
33.3%
to
33.3%
Suo's
33.3%
wife.
33.3%
Beautiful
22.2%
family.
22.2%
Answer
% Correct
With
22.2%
her
22.2%
marry
22.2%
her'
22.2%
who
22.2%
with
22.2%
her.
22.2%
in
22.2%
duel
22.2%
her.
22.2%
Shu's
22.2%
Kai.
11.1%
talented
11.1%
third
11.1%
beauty,
11.1%
she
11.1%
had
11.1%
no
11.1%
end
11.1%
suitors,
11.1%
but
11.1%
she
11.1%
proclaimed
11.1%
that
11.1%
'she
11.1%
would
11.1%
no
11.1%
one
11.1%
Answer
% Correct
weaker
11.1%
than
11.1%
continued
11.1%
defeat
11.1%
those
11.1%
came
11.1%
fight
11.1%
Hearing
11.1%
rumors,
11.1%
third
11.1%
came
11.1%
call
11.1%
ensuing
11.1%
defeated
11.1%
She
11.1%
then
11.1%
became
11.1%
From
11.1%
then
11.1%
on,
11.1%
she
11.1%
fought
11.1%
at
11.1%
his
11.1%
side
11.1%
as
11.1%
one
11.1%
officers.
11.1%
Quiz Playlist
Details
Report
Send in Message
Add To Playlist
Classic:
Type in answers that appear in a list
Last Updated: Feb 16, 2017
Quiz Scoreboard
CHALLENGE
Sign Up to Join the Scoreboard
Show All
Scores
Hide
Comments
May contain spoilers
Recently Published
Movies - When Are They Set?
by FPL_Elf
Movies
5m
Popular People in 1961
by mucciniale
History
6m
1-10 Letter E Words III
by El_Dandy
Language
2m
More to Explore
Quiz From the Vault
Featured Blog Post
Where Did the Easter Bunny Come From?
hide this ad
You Might Also Like...
Tags
Dynasty Warriors
Today's Top Quizzes in Gaming
Browse Gaming
hide this ad
Top Contributed Quizzes in Gaming
1
Destiny 2 exotic weapons by perk icons
2
Ultimate Genshin Impact Logic Puzzle (up to 4.3)
3
Genshin Impact Logic Puzzle Quiz
4
Who's on the WWE 2K24 Cover?
5
Windmill: Pokémon
6
Franchise by Action Figure
7
Legendary or Exotic?
8
Overwatch 2: Ultimate Ability Icons
9
Overwatch 2 Heroes by Selection Quote
10
Genshin murder mystery
Explore More
Trending Topics
Anime
Harry Potter
Crossword
Marvel
Kpop
NBA
Disney
Puzzle
The Office
Pokémon
Soccer
Country
WWE
Song
NFL
hide this ad
More By:
xoxhinataxox
Quiz
Plays
Rating
Category
Featured
Created
Top Female Characters in ASOIAF
7,771
4.89
Literature
Aug 3, 2013
ASOIAF: Characters by first letter
751
3.75
Literature
Mar 9, 2014
ASOIAF: House Frey
641
4.33
Literature
Jul 25, 2013
Dynasty Warriors Character Weapons
481
4.20
Gaming
Jul 4, 2014
Disowned Black Family Members
437
4.33
Literature
Jul 26, 2012
Go to Creator's Profile
Score Distribution
Quiz Creator Spotlight
xoxhinataxox
Follow
Send a Message
Quizzes Created
-
Created Quiz Play Count
-
More By This Creator
Popular Quizzes Today
1
Find the Countries of Europe - No Outlines Minefield
2
Find the US States - No Outlines Minefield
3
The Countries of the World
4
Popular People in 1961
5
US States
6
1-10 Letter E Words III
7
Find the US States
8
One Thing in Common: World Cities II
More Gaming Quizzes
Today in Video Games: March
Editor's Pick
Trending Quizzes
Risky Map Clicking: Least Populous States A-Z
1-10 Letter F Words
Humor Books: The Subtitles
1-10 Letter G Words
One Thing in Common: United Kingdom
Recently Updated
Leaping Animals
pecheneg
Reality TV Shows (A-Z)
bhenderson79
Rickey Henderson's Hall of Fame Teammates
pecheneg
Champions League XIs: Arsenal
pecheneg
Quick Pick: Celebrities in WWE's Hall of Fame
aduchscher
A-Z Keypad Blitz II
pecheneg
Multiple Oscar Actors
pecheneg
Mystery Phrase Blitz: Oscar 'Best Actors'
pecheneg
F. Scott Fitzgerald Novels
LTH
Pick 3 Villains
ddd62291
Trending Topics
Disney
Crossword
Harry Potter
NBA
Kpop
Marvel
Anime
WWE
Pokémon
Soccer
NFL
Puzzle
Country
The Office
Song
Your Account Isn't Verified!
In order to create a playlist on Sporcle, you need to verify the email address you used during registration. Go to your
Sporcle Settings
to finish the process.
Report this User
Report this user for behavior that violates our
Community Guidelines
.
Details:
Send Report
Go to the Sporcle.com Mobile Site →
Comments